LEADER 00694nam a2200193 i 4500 001 000000131199 003 CaOOAMICUS 005 20041111000000.0 008 041111s1932 it u000 u ita u 013 $a104056 040 $aSeMil$bita 245 10$aVolume 2. 300 $a299 p. 700 1 $aMonsabré, Jacques Marie Louis,$d<1827-1907>.$0(OLS)http://semarc/name/837 773 0 $aMonsabré, Jacques Marie Louis <1827-1907>$tPiccoli quaresimali.$dTorino ; Roma : Marietti, 1932.$w()12446 850 $aSeMil 852 $aSeMil$W1$xVenegono$y1$m3F I 426/2$j85182$B85182$CSeMilBibl$Z2$F88796 $81 961 $aLascito: Bassani don Emilio 996 $6245$aVolume 2$9(OLS)http://semarc/title/11564 LEADER 01365nam a2200253 i 4500 001 000000244295 003 CaOOAMICUS 005 20150803000000.0 008 150803s1953 it u000 u ita u 013 $a223200 040 $aSeMil$bita 100 1 $aBertani, Giuseppe.$0(OLS)http://semarc/name/24954 245 10$aPilastri della vita sacerdotale :$bmeditazioni fondamentali per lo spirito del sacerdote. Opera integratrice de «Il prete nella vita moderna» dello stesso Autore /$c[Giuseppe Bertani]. 260 $aRoma :$bEdizioni Paoline,$cstampa 1953. 300 $a284 p. ;$c18 cm. 500 $aFormulazione di responsabilità dell'Autore dedotta da ICCU. - In testa al front. : De Conlegio Rhaudiensi quidam. - Fondo card. Giovanni Colombo. 650 4$aSacerdozio - Meditazioni.$0(OLS)http://semarc/subject/3490 650 4$aSacerdozio - Spiritualità.$0(OLS)http://semarc/subject/2395 850 $aSeMil 852 $aSeMil$W1$xVenegono$y1$m3GC I 425$j194641$B194641$CSeMilBibl$Z2$F205168 $8B 941 1 $a3 961 $aLascito: Colombo Card. Giovanni 996 $6245$aPilastri della vita sacerdotale :$bmeditazioni fondamentali per lo spirito del sacerdote. Opera integratrice de «Il prete nella vita moderna» dello stesso Autore$9(OLS)http://semarc/title/346298 996 $6260$aRoma :$bEdizioni Paoline$9(OLS)http://semarc/publisher/29700